00162nam a2200061Ia 4500008004100000100002000041245003900061120527s9999 xx 000 0 und d aGiovacchini, L. aA Narrative textbook of Psychology